书目信息 |
| 题名: |
短视频实战一本通
|
|
| 作者: | 秋叶 编著 | |
| 分册: | ||
| 出版信息: | 北京 人民邮电出版社 2020 |
|
| 页数: | 264页 | |
| 开本: | 23cm | |
| 丛书名: | ||
| 单 册: | ||
| 中图分类: | F713.365.2 , F713.3 | |
| 科图分类: | ||
| 主题词: | 网络营销 | |
| 电子资源: | ||
| ISBN: | 978-7-115-54002-7 | |
| 000 | 01025nam0 2200241 450 | |
| 001 | 2070525631 | |
| 005 | 20201128193658.53 | |
| 010 | @a978-7-115-54002-7@dCNY69.00 | |
| 100 | @a20200825d2020 em y0chiy50 ea | |
| 101 | 0 | @achi |
| 102 | @aCN@b110000 | |
| 105 | @aa z 000yy | |
| 200 | 1 | @a短视频实战一本通@9duan shi pin shi zhan yi ben tong@b专著@e内容策划 拍摄制作 营销运营 流量变现@f秋叶编著 |
| 210 | @a北京@c人民邮电出版社@d2020 | |
| 215 | @a264页@c图@d23cm | |
| 330 | @a本书从短视频发展现状与走向,到短视频精准定位、创意策划、团队搭建、拍摄方法、后期编辑,再到“吸粉”引流、营销推广、流量变现,介绍了短视频内容策划、拍摄制作、营销运营和流量变现的各类玩法;最后,综合阐述了短视频创作与运营人员需要掌握的各种实战技能。 | |
| 517 | 1 | @a内容策划 拍摄制作 营销运营 流量变现@9nei rong ce hua pai she zhi zuo ying xiao yun ying liu liang bian xian |
| 606 | 0 | @a网络营销 |
| 690 | @aF713.365.2@v5 | |
| 690 | @aF713.3@v4 | |
| 701 | 0 | @a秋叶@9qiu ye@4编著 |
| 801 | 2 | @aCN@b58marc.cn@c20200906 |
| 905 | @aZUCC@dF713.3@e80 | |
| 短视频实战一本通:内容策划 拍摄制作 营销运营 流量变现/秋叶编著.-北京:人民邮电出版社,2020 |
| 264页:图;23cm |
| ISBN 978-7-115-54002-7:CNY69.00 |
| 本书从短视频发展现状与走向,到短视频精准定位、创意策划、团队搭建、拍摄方法、后期编辑,再到“吸粉”引流、营销推广、流量变现,介绍了短视频内容策划、拍摄制作、营销运营和流量变现的各类玩法;最后,综合阐述了短视频创作与运营人员需要掌握的各种实战技能。 |
| ● |
| 相关链接 |
|
|
|
正题名:短视频实战一本通
索取号:F713.3/80
 
预约/预借
| 序号 | 登录号 | 条形码 | 馆藏地/架位号 | 状态 | 备注 |
| 1 | 872751 | 2000872751 | 第二书库/ [索取号:F713.3/80] | 在馆 | |
| 2 | 872752 | 2000872752 | 第二书库/ [索取号:F713.3/80] | 在馆 | |
| 3 | 872753 | 2000872753 | 第二书库/ [索取号:F713.3/80] | 在馆 |